000 00545nam a2200193 i 4500
001 42381
003 ES-MaACL
005 20250814063213.0
007 t|
008 030313s1957 sp ||||1| spa d
100 1 _aCastillo-Puche, José Luis,
_d1919-2004
_936763
245 1 0 _aHicieron partes /
_cJ. L. Castillo-Puche.
260 _aMadrid :
_b[s.n.,
_c1957] (
_fEscelicer)
300 _a336 p. ;
_c20 cm.
490 1 _aEl Diablo
830 0 _aEl Diablo
_9181458
852 _aES-MaACL
_jC-14243
_bR.42122
999 _c42381
_d42381